00285nam a22000977a 4500008004100000020001500041082001600056245006200072260004300134300001000177230606b xxu||||| |||| 00| 0 eng d a9966442049 a657.48bNZO aAdvanced Financial AccountingcN. D. Nzomo , Ed.D CPA (K) aNairobibKenya Literature Bureauc1985 a683 p